| 000 | 01387nam a2200433 i 4500 | ||
|---|---|---|---|
| 001 | 22316 | ||
| 003 | KOSZ 005 | ||
| 005 | 20210413100022.0 | ||
| 008 | 990506s1983 pl |000 0 pol | ||
| 015 | _aUWD 1984/23 | ||
| 020 | _a8301050756 | ||
| 035 | _a991009506999705066 | ||
| 035 | _a(PL-WaBN)b12572834-48omnis_nlop | ||
| 035 | _ab12572834 | ||
| 035 | _a(OCoLC)830230089 | ||
| 035 | _a(PL)b0000001257283 | ||
| 035 | _a(EXLNZ-48OMNIS_NETWORK)9910172722705606 | ||
| 040 |
_aWA N _cWA N _dKOSZ 005/HR |
||
| 041 | 0 | _apol | |
| 046 | _k1962 | ||
| 080 | _a3-027.21 | ||
| 100 | 1 |
_aOssowski, Stanisław _d(1897-1963) _eAutor |
|
| 245 | 1 | 0 |
_aO osobliwościach nauk społecznych / _cStanisław Ossowski. |
| 260 |
_aWarszawa : _bPaństwowe Wydawnictwo Naukowe, _c1983. |
||
| 300 |
_a271, [1] s. ; _c21 cm. |
||
| 336 |
_aTekst _btxt _2rdacontent |
||
| 337 |
_aBez urządzenia pośredniczącego _bn _2rdamedia |
||
| 338 |
_aWolumin _bnc _2rdacarrier |
||
| 380 | _aKsiążki | ||
| 380 | _aPublikacje naukowe | ||
| 388 | _a1901-2000 | ||
| 388 | _a1945-1989 | ||
| 650 | 7 |
_aNauki społeczne _2DBN |
|
| 658 | _aSocjologia i społeczeństwo | ||
| 710 | 2 |
_aPaństwowe Wydawnictwo Naukowe _4pbl |
|
| 856 |
_uhttp://koha.tu.koszalin.pl/cgi-bin/koha/opac-detail.pl?biblionumber=22316 _yKatalog online BPK |
||
| 942 |
_2UKD _cKS |
||
| 999 |
_c22316 _d22316 |
||